00375nam a2200109Ia 4500008004000000020001600040082001300056100003900069245011000108260003900218300000800257210210b2000 xxu||||| |||| 00| 0 eng d a07 035551 7 a510 KRUS aKRUGLAK (Haym) and MOORE (John T). aSchaum's outline of theory and problems of basic mathematics with applications to science and technology. aNYbSchaum''s outline seriesc2000 a341